000 00479pam a2200169 a 4500
020 _cPAPER BACK
041 _h
082 _a621.38
_bPHI/PAR
100 _aPHILIPS C.L. PARR J.M.,AND RISKIN E.A.
245 _aSIGNALS SYSTEMS AND TRANSFORMS 3RD ED
_hTextual Documents
250 _a01-01-2004
260 _bPEARSON EDUCATION (INDIA) PTE., LTD., DELHI
300 _aXX/769
_c24 X 18
500 _a7932
653 _aELECTRONIC DESIGN and SOFTWARE TECHNIQUES
930 _a7480
999 _c50705
_d50705